000 01243cam a22003131a 4500
001 gs 53000067
003 DLC
005 20260227111359.0
008 761214s1952 ksuabf 001 0 eng
010 _ags 53000067
035 _a(OCoLC)2622514
040 _aDLC
_cAzFU
_dAzFU
_dOCoLC
_dDLC
042 _apremarc
050 0 0 _aQE113
_b.A2 no. 99
082 _a551.79
100 1 _aFrye, John Chapman,
_d1912-
245 1 0 _aPleistocene geology of Kansas /
_cJohn C. Frye and A. Byron Leonard.
260 _aLawrence :
_bKansas State Geological Survey,
_c1952.
300 _a230 p., 19 leaves of plates :
_bill., diagrs. (1 fold. in pocket), maps (1 col. fold. in pocket) ;
_c23 cm.
490 1 _aBulletin - State Geological Survey of Kansas ;
_vno. 99
500 _a"University of Kansas publications."
500 _aIncludes index.
501 _aWith : Ground-water resources of Pawnee Valley, Kansas / by V. C. Fishel, 1952. Bound together subsequent to publication.
_5DLC
504 _aBibliography: p. 210-223.
650 0 _aGeology
_zKansas.
650 0 _aGeology, Stratigraphic
_yPleistocene.
700 1 _aLeonard, A. Byron
_q(Arthur Byron),
_d1904-
_ejoint author.
810 2 _aKansas Geological Survey.
_tBulletin ;
_vno. 99.
999 _c28708
_d28708